Statistics for Maine Trivia

Click here to take the quiz!

General Stats

  • This quiz has been taken 3,606 times
  • The average score is 12 of 16

Answer Stats

Hint Answer % Correct
The only other U.S. state that Maine bordersNew Hampshire
96%
Maine is famous for this type of seafoodLobster
91%
5.3% of Maine's residents speak this language at home, more than any other stateFrench
90%
Canadian province it bordersQuebec
87%
Capital cityAugusta
85%
Before 1820, Maine was part of this stateMassachusetts
85%
Many of this writer's stories are set in Maine, including "Pet Sematary" and "Cujo"Stephen King
84%
Most populous cityPortland
75%
Official state animal of Maine; it can weigh over 1000 lbsMoose
71%
President whose summer home was in KennebunkportGeorge H. W. Bush
70%
Canadian province it bordersNew Brunswick
64%
Poet who wrote "The Song of Hiawatha"Henry Wadsworth
{Longfellow}
57%
National park on the coast of MaineAcadia
54%
This largest breed of domestic cat originally comes from MaineMaine {Coon}
54%
Outdoor retailer, famous for its boots, that had an unlimited return policy until 2018L.L. Bean
53%
Term for a powerful cyclonic winter stormNor'easter
49%

Score Distribution

Percentile by Number Answered

Percent of People with Each Score

Your Score History

You have not taken this quiz